00730nam a2200241 a 450000500170000000800410001704000270005804100080008504400070009308200190010011000410011924500680016026000240022830000230025265000240027565000190029965000340031865000380035265000100039065000260040065000360042665000260046220200104041529.0140304b1997 gw d gr|||| 00| 0 spa d aCO-BoIAVH cCO-BoIAVH  aspa agx04a333.7071bT85t2 bTropenökologisches Begleitprogramm1 aPrograma de apoyo ecológicobactividades en América del Sur aEschbornbGTZc1997 a87 p.c 20 x 14 cm 4aEcología tropical 4aBioindicadores 4aIndicadores de sostenibilidad 4aSistemas de producción agrarios 6aFauna 4aMonitoreo biológico 6aConservación de biodiversidad 6aEducación ambiental